| 000 | 01526cam a22003015a 4500 | ||
|---|---|---|---|
| 001 | E148834 | ||
| 002 | 18096 | ||
| 008 | 091112s2010 xxk f 000 0 eng d | ||
| 020 | _a9781842195345 | ||
| 035 | _a(Sirsi) u148834 | ||
| 041 | 0 | _aeng | |
| 050 | 0 | 4 | _a333.72 $2 18 |
| 100 | 1 | _aRussen, Larry | |
| 245 | 0 | 0 | _aCommercial energy assessor's handbook |
| 260 |
_aCoventry _bRICS _b2009 |
||
| 300 |
_axv, 308p. _bill. _c30cm. |
||
| 350 | _a45 | ||
| 505 | 2 | _aThe commercial energy assessor and legislative background -- Getting ready for business -- Preparing for the commercial energy assessment -- Energy and construction core knowledge and recognition -- Heating and hot water services core knowledge and recognition -- Ventilation and air conditioning core knowledge and recognition -- Lighting core knowledge and recognition -- Inspection and reflection methodologies for existing buildings -- Data entry into the program -- Ratings, recommendations and reporting -- Appendices | |
| 520 | _aFocuses on the knowledge, understanding and competance required for the National Occupational Standards level 3 and 4 non-domestic energy assessors. Provides step-by-step guidance, and includes case studies and photographs. | ||
| 521 | _aAdvanced | ||
| 590 | _aKA | ||
| 650 | 2 | 4 | _aCOMMERCIAL ENERGY PERFORMANCE CERTIFICATES |
| 651 | 4 |
_aEngland and Wales _y1543- |
|
| 690 | _aENVIRONMENTAL AND LAND CONSULTANCY-ENERGY-ENERGY USE-ENERGY EFFICIENCY | ||
| 700 | 1 | _aNeale, Stephen | |
| 700 | 1 | _aRees, Simon | |
| 942 | _n0 | ||
| 999 |
_c110254 _d110254 |
||